000 00578nam a2200205Ia 4500
003 GCL
008 140319s9999 xx 000 0 ara d
040 _aGCL /
_cGCL
082 0 4 _aط
_b953.0962
_bا م
100 1 _aاحمد نجيب
245 1 0 _aمغامرات فى البوسفور /
_cاحمد نجيب
700 1 _aمنى ربيع
300 _a16 ص
490 _aمصر ام الدنيا
_v0
650 0 4 _aتاريخ
650 0 4 _aالاطفال
650 0 4 _aالجبرتى
650 0 4 _aالامبراطورية العثمانية - مصر
942 _2ddc
_cBK
999 _c50596
_d50596